Music Quiz

Random Music or Clickable Quiz

Song Beginnings Slot Machine Quiz Stats

Quiz Updated May 16, 2014

Challenge
Share
Tweet
Score 0/12 Timer 08:00
0 Plays Today
% Correct
Hey Jude
93%
Is this the real life?
91%
I've got sunshine
87.7%
There is a house in New Orleans
77.9%
Love is a burning thing
76.9%
Hello darkness, my old friend
76%
On a dark desert highway
75.6%
Ever since I was a young boy
74.9%
There's a fire
73.4%
It's close to midnight
63.6%
Georgia, Georgia
58.1%
Load up on guns, bring your friends
48.2%

You're not logged in!

Compare scores with friends on all Sporcle quizzes.
Sign Up with Email
OR
Log In

You Might Also Like...

Show Comments

Extras

Top Quizzes Today


Score Distribution

Your Account Isn't Verified!

In order to create a playlist on Sporcle, you need to verify the email address you used during registration. Go to your Sporcle Settings to finish the process.

Report this User

Report this user for behavior that violates our Community Guidelines.

Details: